| 000 | 00729cam a22001815a 4500 | ||
|---|---|---|---|
| 001 | L156605 | ||
| 008 | 120612e19490528xxk f 000 0 eng d | ||
| 035 | _a(Sirsi) u156605 | ||
| 041 | 0 | _aeng | |
| 110 | 2 |
_aNational Association of Auctioneers, House Agents, Rating Surveyors and Valuers _94989 |
|
| 245 | 0 | 1 | _a[Letter dated 28 May 1949 regarding merger of the NAA with the Valuers Institution] |
| 260 |
_aLondon _bNAA _c1949 |
||
| 300 |
_a1 sheet _c25 cm. |
||
| 520 | _aLetter dated 28 May 1949 from the President of the NAA, inviting members to vote on the proposed merger of the Valuers Institution and the National Association of Auctioneers. | ||
| 651 | 4 |
_aGreat Britain _y1707- |
|
| 690 |
_aValuation _96273 |
||
| 942 | _n0 | ||
| 999 |
_c114316 _d114316 |
||